[Event "Bad Woerishofen op 21st"]
[Site "Bad Woerishofen"]
[Date "2005.03.05"]
[Round "3"]
[White "Bohnstorff, Michael"]
[Black "Lamberger, Werner"]
[Result "1/2-1/2"]
[WhiteElo "2205"]
[BlackElo "2065"]
[PlyCount "54"]
[EventDate "2005.03.03"]
[EventType "swiss"]
[EventRounds "9"]
[EventCountry "GER"]
[SourceTitle "EXT 2006"]
[Source "ChessBase"]
[SourceDate "2005.11.24"]
[SourceVersion "1"]
[SourceVersionDate "2005.11.24"]
[SourceQuality "1"]

1. d4 f5 2. g3 Nf6 3. Bg2 e6 4. c4 d6 5. Nc3 Be7 6. Qb3 c6 7. Nh3 Qb6 8. Qxb6 axb6 9. 0-0 d5 10. cxd5 exd5 11. Nf4 0-0 12. Nd3 Be6 13. Bf4 Nbd7 14. f3 b5 15. a3 Bf7 16. Rae1 Bg6 17. Bg5 Bd6 18. Bf4 Be7 19. Bg5 Bd6 20. Nf4 Bxf4 21. Bxf4 Rfe8 22. Bh3 Nb6 23. Kf2 Nc4 24. Bc1 Re7 25. Nd1 h6 26. Ne3 Nxe3 27. Bxe3 Ra4 1/2-1/2

[Event "Bad Woerishofen op 18th"]
[Site "Bad Woerishofen"]
[Date "2002.??.??"]
[Round "8"]
[White "Einwiller, Dieter"]
[Black "Lamberger, Werner"]
[Result "1/2-1/2"]
[WhiteElo "2154"]
[BlackElo "2034"]
[PlyCount "48"]
[EventDate "2002.03.??"]
[EventType "swiss"]
[EventRounds "9"]
[EventCountry "GER"]
[SourceTitle "EXT 2003"]
[Source "ChessBase"]
[SourceDate "2002.11.25"]
[SourceVersion "1"]
[SourceVersionDate "2002.11.25"]
[SourceQuality "1"]

1. e4 c5 2. d4 cxd4 3. c3 dxc3 4. Nxc3 Nc6 5. Bc4 d6 6. Nf3 a6 7. 0-0 Nf6 8. h3 e6 9. Qe2 Be7 10. Rd1 Qc7 11. a4 0-0 12. Bf4 Ne5 13. Ba2 Bd7 14. Rac1 Qa5 15. Bb3 b5 16. Bxe5 dxe5 17. Nxe5 Be8 18. axb5 Bxb5 19. Nxb5 Qxb5 20. Qxb5 axb5 21. Nc6 Rfe8 22. e5 Nh5 23. g3 Bg5 24. Rc5 Nxg3 1/2-1/2

[Event "Bad Woerishofen op 18th"]
[Site "Bad Woerishofen"]
[Date "2002.??.??"]
[Round "6"]
[White "Schiffer, Steve"]
[Black "Lamberger, Werner"]
[Result "1-0"]
[WhiteElo "2173"]
[BlackElo "2034"]
[PlyCount "89"]
[EventDate "2002.03.??"]
[EventType "swiss"]
[EventRounds "9"]
[EventCountry "GER"]
[SourceTitle "EXT 2003"]
[Source "ChessBase"]
[SourceDate "2002.11.25"]
[SourceVersion "1"]
[SourceVersionDate "2002.11.25"]
[SourceQuality "1"]

1. e4 c5 2. Nf3 Nc6 3. d4 cxd4 4. Nxd4 Nf6 5. Nc3 e5 6. Ndb5 d6 7. Bg5 a6 8. Na3 b5 9. Nd5 Qa5+ 10. Bd2 Qd8 11. Bd3 Nxd5 12. exd5 Ne7 13. c4 g6 14. cxb5 Bg7 15. Qb3 0-0 16. 0-0 Bb7 17. Bc4 Qd7 18. bxa6 Bxa6 19. Bxa6 Rxa6 20. Bc3 Rfa8 21. Nc2 Ra4 22. Nb4 Qg4 23. f3 Qh4 24. a3 Bh6 25. Be1 Qh5 26. Bf2 g5 27. Rac1 g4 28. fxg4 Qxg4 29. Rc4 Qd7 30. Be3 Bg7 31. Qc2 f5 32. Rc7 Qe8 33. Bg5 Ng6 34. Qxf5 Nf4 35. Bh6 R4a7 36. Rxa7 Rxa7 37. Bxg7 Rxg7 38. g3 Kh8 39. Kh1 Qb5 40. Rc1 Nxd5 41. Qf8+ Rg8 42. Qxd6 Nb6 43. Qf6+ Rg7 44. Rc7 Nd7 45. Rc8+ 1-0

[Event "Elekes Memorial IM 26th"]
[Site "Budapest"]
[Date "2001.05.31"]
[Round "11"]
[White "Lamberger, Werner"]
[Black "Orso, Miklos"]
[Result "1/2-1/2"]
[WhiteElo "2074"]
[BlackElo "2386"]
[PlyCount "27"]
[EventDate "2001.05.21"]
[EventType "tourn"]
[EventRounds "11"]
[EventCountry "HUN"]
[EventCategory "2"]
[SourceTitle "CBM 082 Extra"]
[Source "ChessBase"]
[SourceDate "2001.07.03"]
[SourceVersion "1"]
[SourceVersionDate "2001.07.03"]
[SourceQuality "1"]

1. c4 e5 2. Nc3 Nc6 3. g3 f5 4. Bg2 Nf6 5. e3 Bc5 6. Nge2 e4 7. d4 exd3 8. Qxd3 0-0 9. 0-0 Ne5 10. Qc2 Kh8 11. Na4 d6 12. Nf4 c6 13. Nxc5 dxc5 14. b3 1/2-1/2

[Event "Elekes Memorial IM 26th"]
[Site "Budapest"]
[Date "2001.05.29"]
[Round "9"]
[White "Lamberger, Werner"]
[Black "Petran, Pal"]
[Result "0-1"]
[WhiteElo "2074"]
[BlackElo "2392"]
[PlyCount "68"]
[EventDate "2001.05.21"]
[EventType "tourn"]
[EventRounds "11"]
[EventCountry "HUN"]
[EventCategory "2"]
[SourceTitle "CBM 082 Extra"]
[Source "ChessBase"]
[SourceDate "2001.07.03"]
[SourceVersion "1"]
[SourceVersionDate "2001.07.03"]
[SourceQuality "1"]

1. c4 Nf6 2. Nc3 e5 3. g3 Nc6 4. Bg2 Bb4 5. e4 Bxc3 6. bxc3 d6 7. Ne2 0-0 8. 0-0 Be6 9. d3 Nd7 10. Be3 f5 11. exf5 Bxf5 12. c5 Kh8 13. cxd6 cxd6 14. Nc1 Nf6 15. h3 Rc8 16. Nb3 Qd7 17. g4 Be6 18. c4 b6 19. Rc1 d5 20. c5 d4 21. Bd2 Bd5 22. Qe2 Rce8 23. Be4 b5 24. Qe1 Nxe4 25. dxe4 Bc4 26. Kg2 Rf7 27. Bg5 Ref8 28. Bh4 Bxf1+ 29. Qxf1 a6 30. Rd1 Rf3 31. Rd3 Qf7 32. a3 Rxd3 33. Qxd3 Qc4 34. Qg3 Qe2 0-1

[Event "Elekes Memorial IM 26th"]
[Site "Budapest"]
[Date "2001.05.21"]
[Round "1"]
[White "Orso, Janos"]
[Black "Lamberger, Werner"]
[Result "1-0"]
[WhiteElo "2249"]
[BlackElo "2074"]
[PlyCount "115"]
[EventDate "2001.05.21"]
[EventType "tourn"]
[EventRounds "11"]
[EventCountry "HUN"]
[EventCategory "2"]
[SourceTitle "CBM 082 Extra"]
[Source "ChessBase"]
[SourceDate "2001.07.03"]
[SourceVersion "1"]
[SourceVersionDate "2001.07.03"]
[SourceQuality "1"]

1. d4 Nf6 2. c4 g6 3. Nc3 Bg7 4. e4 d6 5. f3 0-0 6. Be3 Nbd7 7. Nge2 a6 8. Qd2 Rb8 9. Nc1 Re8 10. Be2 c6 11. a4 e5 12. d5 c5 13. Nd3 Kh8 14. g4 Qa5 15. 0-0 Qd8 16. Bg5 Qe7 17. Rab1 Qf8 18. b4 b6 19. bxc5 bxc5 20. Rxb8 Nxb8 21. Rb1 Nbd7 22. a5 Ng8 23. Bd1 f6 24. Be3 f5 25. Ba4 Rd8 26. Bg5 Bf6 27. Bc6 f4 28. Bxf6+ Qxf6 29. Na4 Qg5 30. Nb6 Ndf6 31. Nxc8 Rxc8 32. Rb6 h5 33. h3 Qh4 34. Qg2 Rf8 35. Nf2 Nh7 36. Bd7 Ng5 37. Rxd6 Nf6 38. gxh5 gxh5 39. Bf5 Rg8 40. Kh2 Ngxe4 41. Nxe4 Rxg2+ 42. Kxg2 Nxe4 43. Bxe4 Qg3+ 44. Kh1 Qxh3+ 45. Kg1 Qh4 46. Rg6 Qe1+ 47. Kg2 Qxa5 48. d6 Qa2+ 49. Kh3 Qxc4 50. d7 Qd4 51. Bf5 Qd1 52. Kh4 e4 53. Be6 Kh7 54. Bf5 Kh8 55. Kg5 Qd4 56. Kh6 exf3 57. Be6 Qxd7 58. Rg8# 1-0

[Event "Milan Crespi op 22nd"]
[Site "Milan"]
[Date "2001.??.??"]
[Round "3"]
[White "Barberi, Alessandro"]
[Black "Lamberger, Werner"]
[Result "1-0"]
[WhiteElo "2136"]
[BlackElo "2050"]
[PlyCount "81"]
[EventDate "2001.12.03"]
[EventType "swiss"]
[EventRounds "9"]
[EventCountry "ITA"]
[SourceTitle "EXT 2003"]
[Source "ChessBase"]
[SourceDate "2002.11.25"]
[SourceVersion "1"]
[SourceVersionDate "2002.11.25"]
[SourceQuality "1"]

1. d4 Nf6 2. c4 g6 3. Nc3 Bg7 4. e4 d6 5. g3 0-0 6. Bg2 Na6 7. Nge2 c5 8. 0-0 Bg4 9. f3 Bd7 10. Be3 Rb8 11. Qd2 e5 12. dxe5 dxe5 13. Bg5 Be6 14. Nd5 Bxd5 15. exd5 Qd7 16. f4 e4 17. Nc3 e3 18. Qxe3 Ng4 19. Qe7 Bd4+ 20. Kh1 Qxe7 21. Bxe7 Rfe8 22. d6 Nb4 23. f5 Kg7 24. h3 Nf6 25. fxg6 hxg6 26. Nb5 Nh5 27. Rf3 Nc6 28. Raf1 Be5 29. Rxf7+ Kh8 30. Re1 Bxg3 31. Re3 Ne5 32. Bd5 Nxf7 33. Bxf7 Red8 34. Bxg6 Bf4 35. Rf3 Ng3+ 36. Kg2 Ne2 37. Kf2 Be5 38. Kxe2 Rg8 39. Be4 a6 40. Nc3 Rbe8 41. Rf5 1-0

[Event "Bad Woerishofen op 17th"]
[Site "Bad Woerishofen"]
[Date "2001.??.??"]
[Round "1"]
[White "Lamberger, Werner"]
[Black "Hartoch, Robert G"]
[Result "1/2-1/2"]
[WhiteElo "1912"]
[BlackElo "2319"]
[PlyCount "103"]
[EventDate "2001.03.15"]
[EventType "swiss"]
[EventRounds "9"]
[EventCountry "GER"]
[SourceTitle "CBM 081 Extra"]
[Source "ChessBase"]
[SourceDate "2001.05.06"]
[SourceVersion "1"]
[SourceVersionDate "2001.05.06"]
[SourceQuality "1"]

1. Nf3 g6 2. g3 Bg7 3. Bg2 e5 4. 0-0 f5 5. d3 d6 6. Nbd2 Nf6 7. e4 Nc6 8. c3 0-0 9. a4 f4 10. d4 Nh5 11. d5 Ne7 12. c4 h6 13. c5 Nf6 14. Qc2 g5 15. gxf4 exf4 16. e5 dxe5 17. d6 cxd6 18. cxd6 Nc6 19. Re1 e4 20. Nxe4 Nxe4 21. Qxe4 Qxd6 22. Qc4+ Kh8 23. Bd2 g4 24. Nh4 Qf6 25. Bxc6 Qxh4 26. Bg2 f3 27. Bf1 Bf5 28. Bc3 Rad8 29. Rad1 Rxd1 30. Bxg7+ Kxg7 31. Rxd1 Qf6 32. Qb4 b6 33. Rd6 Qe5 34. Rxh6 Rd8 35. Rc6 Rd1 36. Qc4 Qxb2 37. Rc7+ Rd7 38. Rc8 Rf7 39. Rd8 Qf6 40. Qd5 Be6 41. Qd2 Rc7 42. Rd6 Rc5 43. Qe3 Kf7 44. Qe4 Ke7 45. Rd4 Qf5 46. Qe3 Re5 47. Qa3+ Rc5 48. Qe3 Qg5 49. Qe4 Rc1 50. Qh7+ Kf8 51. Qh8+ Bg8 52. Re4 1/2-1/2